000 00615mam a2200217 4500
001 2137097
003 ARRUPE
005 20160203120342.0
008 750425s1923 enk 000 0 eng
010 _a 24010035
035 _a(OCoLC)ocm01299502
040 _aDLC
_cCWR
_dOCL
050 0 _aHT1029.W5
_bC65
100 1 _aCoupland, Reginald,
_cSir,
_d1884-1952.
_921499
245 1 0 _aWilberforce:
_b a narrative
260 _aOxford,
_bClarendon press,
_c1923.
300 _avi, 528 p.
_bfront., port.
_c23 cm.
600 1 0 _aWilberforce, William,
_d1759-1833.
_921500
942 _2lcc
_cMONOGRAPH
999 _c123938
_d123938